Vista normal
Vista MARC
Entrada Materia (personas)
Número de registros utilizados en: 1
001 - CONTROL NUMBER
- control field: 96394
003 - CONTROL NUMBER IDENTIFIER
- control field: Co-BoUCM
005 - DATE AND TIME OF LATEST TRANSACTION
- control field: 20190523111507.0
008 - FIXED-LENGTH DATA ELEMENTS
- fixed length control field: 190523|| aca||aabn | a|a d
040 ## - CATALOGING SOURCE
- Original cataloging agency: Co-BoUCM
- Transcribing agency: Co-BoUCM
100 ## - HEADING--PERSONAL NAME
- Personal name: Moniére, Denis
670 ## - SOURCE DATA FOUND
- Source citation: Work cat.: (Co-BoUCM)312084: Moniére, Denis, Introduction aux systemes socialistes de Vilfredo Pareto, 1987